Filosofía del bien común y la igualdad con reparto (Record no. 183524)

MARC details
000 -LEADER
campo de control de longitud fija 00753nam a2200205 i 4500
001 - NÚMERO DE CONTROL
campo de control 183524
003 - IDENTIFICADOR DE NÚMERO DE CONTROL
campo de control ES-MaACL
005 - FECHA Y HORA DE LA ÚLTIMA TRANSACCIÓN
campo de control 20231105123747.0
008 - DATOS DE LONGITUD FIJA--INFORMACIÓN GENERAL
campo de control de longitud fija 140711s2001 sp a |||| ||spa d
020 ## - NÚMERO INTERNACIONAL ESTÁNDAR DEL LIBRO
Número Internacional Estándar del Libro 84-932243-0-8
080 ## - NÚMERO DE LA CLASIFICACIÓN DECIMAL UNIVERSAL
Número de la Clasificación Decimal Universal 821.134.2-14"19"
100 1# - ENTRADA PRINCIPAL--NOMBRE DE PERSONA
Nombre de persona Lara, Felipe
Títulos y otros términos asociados al nombre 1945-
9 (RLIN) 154938
245 10 - MENCIÓN DEL TÍTULO
Título Filosofía del bien común y la igualdad con reparto
Resto del título : en textos y poemas de fuerza mayor para despertar las conciencias /
Mención de responsabilidad, etc. Felipe Lara.
260 ## - PUBLICACIÓN, DISTRIBUCIÓN, ETC.
Lugar de publicación, distribución, etc. [Humanes (Madrid)] :
Nombre del editor, distribuidor, etc. CNV,
Fecha de publicación, distribución, etc. D. L. 2001.
300 ## - DESCRIPCIÓN FÍSICA
Extensión 205 p. :
Otras características físicas il. ;
Dimensiones 21 cm.
852 ## - LOCALIZACIÓN
Ubicación ES-MaACL
Número de control de estantería A-13136
itemnumber 190465
Sublocalización o colección R.149920
Ubicación en estantería Depósito 1
Signatura antigua Olim:N-6136
Donativo/Legado Donacion: del autor Felipe Lara
903 ## - NOMBRE PERSONAL DE DONANTE
9 154938
a Lara, Felipe
e Autor
942 ## - ELEMENTOS DE ENTRADA SECUNDARIOS (KOHA)
Fuente del sistema de clasificación o colocación Clasificación decimal universal
Holdings
Estatus retirado Estado de pérdida Fuente del sistema de clasificación o colocación Estado de daño No para préstamo Biblioteca de origen Biblioteca actual Ubicación en estantería Fecha de adquisición Fuente de adquisición Total de préstamos Signatura topográfica completa Código de barras Visto por última vez Precio de reemplazo Tipo de ítem Koha
    Clasificación decimal universal     Biblioteca del Ateneo de Madrid Biblioteca del Ateneo de Madrid Depósito 1 11/07/2014 Donación   A-13136 1192901 23/02/2023 23/02/2023 Libro impreso